Largest City Beginning with S by State - Statistics

General Stats
  • This quiz has been taken 1,853 times
  • The average score is 17 of 50
Answer Stats
State Population Answer % Correct
California 1,301,617 San Diego
92%
Missouri 318,372 St. Louis
89%
Texas 1,359,758 San Antonio
86%
Washington 608,660 Seattle
84%
Minnesota 285,068 St. Paul
82%
New Hampshire 28,776 Salem
79%
Oregon 154,637 Salem
79%
Utah 186,440 Salt Lake City
77%
Illinois 116,250 Springfield
69%
Massachusetts 153,060 Springfield
69%
Ohio 60,608 Springfield
69%
New Mexico 69,204 Santa Fe
66%
South Dakota 153,888 Sioux Falls
66%
Florida 244,818 St. Petersburg
61%
Georgia 142,022 Savannah
60%
New York 145,151 Syracuse
55%
Louisiana 199,311 Shreveport
52%
Arizona 217,385 Scottsdale
48%
Iowa 82,684 Sioux City
46%
Pennsylvania 76,089 Scranton
42%
Indiana 101,168 South Bend
37%
Connecticut 122,643 Stamford
29%
Alaska 8,881 Sitka
23%
Alabama 20,756 Selma
18%
Colorado 14,727 Sterling
18%
Nevada 91,195 Sparks
17%
Maryland 30,484 Salisbury
15%
North Carolina 33,622 Salisbury
15%
Michigan 129,699 Sterling Heights
15%
Vermont 17,904 South Burlington
13%
Virginia 85,181 Suffolk
13%
Wisconsin 49,288 Sheboygan
12%
Maine 25,002 South Portland
11%
Arkansas 69,797 Springdale
11%
Wyoming 17,444 Sheridan
10%
Delaware 10,180 Smyrna
9%
Tennessee 25,569 Smyrna
9%
Mississippi 50,374 Southaven
9%
West Virginia 13,450 South Charleston
9%
Kansas 62,209 Shawnee
8%
Oklahoma 45,688 Stillwater
8%
Nebraska 15,062 Scottsbluff
7%
South Carolina 44,783 Summerville
5%
Idaho 7,365 Sandpoint
4%
New Jersey 43,417 South Brunswick
3%
Rhode Island 30,639 South Kingston
3%
Montana 5,191 Sidney
2%
North Dakota 1,458 Stanley
2%
Kentucky 17,472 St. Matthews
2%
Hawaii 16,370 Schofield Barracks
1%
No matching quizzes found
Score Distribution
Percent of People with Each Score
Percentile by Number Answered
Your Score History
You have not taken this quiz